000 00670nam a2200217Ia 4500
005 20250508165813.0
008 008 250505s9999 xx 000 0 eng d
037 _aTextual
040 _aFEDL
_beng
_cFEDL
041 _aeng
_2eng
084 _a350.95, PRA
_qFEDL
100 _aPrasad D Ravindra Ed.
_9409607
245 0 _aadministrative thinkers
260 _aNew Delhi, India
_bSterling Publishers Private Limited
_c1991
300 _ax, 286p.
365 _aINR
_b290
546 _aGifted by Md. Moshahidul Haque
700 _a Prasad V S Ed. Satyanarayana P and others Ed.
_9782014
942 _cTEXL
_h350.95, PRA
999 _c1397546
_d1397546